000 00550nmm a2200157Ia 4500
008 251105s9999||||xx |||||||||||||||||und||
020 _a9781611171907
041 _aeng
100 _aMoore-Pastides, Patricia
245 0 _aGreek Revival from the Garden :
_b Growing and Cooking for Life
264 _a[Washington, Estados Unidos] :
_bUniversity of South Carolina Press,
_c[Fecha de publicación no identificada]
300 _a0 pƔginas
490 _aYoung Palmetto Books
856 _uhttps://public.digitaliapublishing.com/a/83374
942 _cCF
999 _c75024
_d75024